000 00668nam a2200229Ia 4500
003 OSt
005 20220926045313.0
006 a|||||r|||| 00| 0
007 ta
008 220923b |||||||| |||| 00| 0 eng d
037 _cGeneral Book
040 _aRTL
_cRTL
_beng
041 _2eng
_aeng
082 _aX71.2794.N77, L7
110 _aMEGHALAYA, FINACE(deppt of-)
_9350034
245 0 _aMemorandom on the budget estimates of the government of Meghalaya for the year 1977-78
260 _c1977
300 _a32p
_ccm.
700 _aMEGHALAYA, FINACE(deppt of-)
_9350035
942 _hX71.2794.N77, L7
_cGB
_2CC
999 _c677218
_d677218